| 000 | 00549nam a2200169 a 4500 | ||
|---|---|---|---|
| 001 | 000026242 | ||
| 003 | DO-SdBNP | ||
| 005 | 20250219104747.0 | ||
| 008 | 110307s1938 dr 000 0 spa d | ||
| 040 |
_aDO-SdBNP _bspa _cBNPHU |
||
| 049 | _aBNPD | ||
| 100 | 1 |
_aCipriano, _d1886-1958 _c de Utrera, fray, _950420 |
|
| 245 | 1 | 0 |
_aNuestra Señora de las Mercedes : _bsu templo y su culto en la ciudad de Caracas / _cFray Cipriano de Utrera |
| 260 |
_aCiudad Trujillo, República Dominicana:, _c1938. |
||
| 300 |
_a146 P. ; _c21 cm. |
||
| 942 |
_2ddc _cLBS1 |
||
| 999 |
_c25734 _d25734 |
||